Представление документа в формате MARC21

ПолеНазваниеЗначение
  Тип записи a
  Библиографический уровень m
001 Контрольный номер BIBLIOCLUB\0000721339
005 Дата корректировки 20260430154905.2
006 m o d
007 Элементы данных для физической характеристики c|||||||||||||
008 Кодируемые данные s2024 rus o rus d
041 Код языка издания 0_
a Код языка текста rus
084 Индекс другой классификации/Индекс ББК __
a Индекс другой классификации/Индекс ББК 16я73
b Номер единицы LBC/PL
2 Источник индекса rubbk
100 Автор 1_
a Автор Шуваев А. В.
245 Заглавие 10
a Заглавие Информационные технологии
b Продолж. заглавия учебное пособие
c Ответственность А. В. Шуваев
c Ответственность Ставропольский государственный аграрный университет
260 Выходные данные __
a Место издания Ставрополь
b Издательство АГРУС
c Дата издания 2024
300 Физическое описание __
a Объем 84 с.
b Иллюстрации/ тип воспроизводства ил.
504 Библиография __
a Библиография Библиогр. в кн
653 Ключевые слова 1_
a Ключевые слова Учебник для высшей школы
856 Электронный адрес документа 40
3 Область применения данных поля Университетская библиотека ONLINE
u URL https://biblioclub.ru/index.php?page=book&id=721339
900 Электронные ресурсы __
a Имя электронного ресурса https://img.biblioclub.ru/sm_cover/ec773a5b145c508e6a415bb2044ea9b1kqgysp5xks/cover.jpg